| 000 | 00690nam a22001817a 4500 | ||
|---|---|---|---|
| 999 |
_c1688 _d1688 |
||
| 003 | AR-CdUCM | ||
| 008 | 190227b ||||| |||| 00| 0 spa d | ||
| 040 |
_aMUNICIPALIDAD PROVINCIAL DEL CUSCO _cBIBLIOTECA MUNICIPAL DEL CUSCO |
||
| 082 |
_a374.32 / _bK38 |
||
| 100 |
_aKemp, Jerrold E. _96253 |
||
| 245 |
_aPlaneamiento didáctico : _bPlan de desarrollo para unidades y cursos / |
||
| 260 |
_aMéxico, D.F : _bEdit. Diana, _c1972. |
||
| 300 |
_a175 paginas : _bDiagramas, _c21 cm. |
||
| 505 | _aMaterias y fines generales --Características de los estudiantes --Objetivos didácticos --Valoración ... | ||
| 650 |
_aPlanificación _96254 |
||
| 942 |
_2ddc _cLIBROS |
||
| 945 |
_arjall _d2019-02-27 |
||